00267nam a22000857a 4500008004100000040005500041080001800096245004900114260001800163240730b |||||||| |||| 00| 0 eng d aNational Science LibrarycNational Science Library a631.67=60bK5 aUtilizacion de las aguas saladas para riego  aMadrid:c1965